La Era del capitalismo / Eric Hobsbawm
Descripción Física:
486 p. ; 18 cm
MARC
| LEADER | 00000nam a2200000Ia 4500 | ||
|---|---|---|---|
| 001 | 1765 | ||
| 008 | 160829s1981 xx 000 0 cat d | ||
| 080 | |a M-2-341 | ||
| 100 | |a Hobsbawm, Eric J. |9 63872 | ||
| 245 | |a La Era del capitalismo / Eric Hobsbawm | ||
| 250 | |a 2a ed. | ||
| 260 | |a Barcelona : |b Labor, |c 1981 | ||
| 300 | |a 486 p. ; |c 18 cm | ||
| 490 | |a Punto Omega. Sección ciencias sociales ; 223-224 | ||
| 650 | |a Capitalisme |9 33386 | ||
| 650 | |a Europa |x Història |x 1848/1875 |9 36165 | ||
| 901 | |a Arxiu | ||
| 942 | |n 1 | ||
| 952 | |0 0 |1 0 |4 0 |6 M2341 |7 1 |9 47199 |a Arxiu |b Arxiu |d 2016-12-01 |l 0 |o M-2-341 |p 1765 |r 2016-12-01 00:00:00 |w 2016-12-01 |y ARXIU | ||
| 999 | |c 50996 |d 50996 | ||